Korupcia a obchody s deťmi, nelegálne adopcie

Bibliographic Details
Main Author: Gasper, Ján, iný (Author)
Format: Article
Language:Slovak
ISBN:9788055708768
Subjects:

MARC

LEADER 00000naa a2200000 a 4500
001 vtls011467277
003 SK-MaSNL
005 20260302143435.0
008 160119 2015 xo 100 b slo
015 |a SNBRA 2015  |2 svkbbbg 
038 |a SVKBBBG 
040 |a SVKBBBG  |b slo  |c SVKBBBG  |e AACR2 
041 0 |a slo  |g eng 
044 |a xo  |c SK 
072 7 |a 343  |x Trestné právo  |2 konspekt 
072 7 |a 347  |x Súkromné právo  |2 konspekt 
080 |a 343.35  |2 2001 
080 |a 343.3/.7  |2 2001 
080 |a 343.433  |2 2001 
080 |a 347.633  |2 2001 
100 1 |a Gasper, Ján,  |c iný  |4 aut  |9 6437 
245 1 0 |a Korupcia a obchody s deťmi, nelegálne adopcie  |c Ján Gasper 
246 3 1 |a Corruption and child trafficking, illegal adoption 
504 |a Bibliogr. odkazy ; pozn. 
650 0 7 |a korupcia  |2 SNKPH  |9 1699 
650 0 7 |a trestné činy  |2 SNKPH  |9 2181 
650 0 7 |a obchod s deťmi  |2 SNKPH  |9 4559 
650 0 7 |a adopcia  |2 SNKPH  |9 1000 
773 0 |t „Stop! Deti nie sú tovarom! Adopcie nie sú obchodom!" : zborník príspevkov z medzinárodnej vedeckej konferencie ...  |d Banská Bystrica : Inštitút kriminologických štúdií a Právnická fakulta Univerzity Mateja Bela v Banskej Bystrici, 2015  |g S. 156-163  |z 9788055708768 
852 |a SVKBB  |b KIS3GCP 
958 |a NB 
999 |c 1344530  |d 1346460